Statistiques concernant Tous les goûts de Pringles en France

Cliquez ici pour prendre le quiz!

Statistiques générales

  • Ce quiz a été pris 149 fois
    (147 depuis la dernière actualisation)
  • Le résultat moyen est 6 sur 15

Statistiques - réponses

CatégoriePringles% Correct
ClassiquePaprika
77%
ClassiqueTexas Barbecue
68%
ClassiqueCrème Oignon
59%
FlameKickin Sour Cream
59%
ClassiqueFromage et Oignon
49%
ClassiqueOriginal
44%
ClassiqueHot et Spicy
42%
ClassiqueSel et Vinaigre
42%
ClassiqueBacon
34%
ClassiquePizza
34%
ClassiqueEmmental
23%
FlameSpicy BBQ
22%
FlameSweet Chili
22%
FlameCheese & Chilli
21%
FlameFlame Spicy Chorizo
7%

Distribution des résultats

Percentile par nombre de réponses

% des personnes avec chaque résultat

Votre développement - résultats

Vous n’avez pas pris ce quiz depuis la dernière actualisation